书目信息 |
| 题名: |
大学英语听说教程:预备级:学生用书
|
|
| 作者: | 虞苏美 , 李慧琴 主编 ;李荫华 总主编 | |
| 分册: | 学生用书 | |
| 出版信息: | 上海 上海外语教育出版社 2003 |
|
| 页数: | 215页 | |
| 开本: | 23cm | |
| 丛书名: | 《大学英语》系列教材 | |
| 单 册: | ||
| 中图分类: | H319.9 , H319.9-43 | |
| 科图分类: | ||
| 主题词: | 英语--视听教学--高等学校--教学参考资料 , 视听教学 | |
| 电子资源: | ||
| ISBN: | 7-81080-918-0 | |
| 000 | 01189nam2 2200313 45 | |
| 005 | 20041130100848.58 | |
| 010 | @a7-81080-918-0@dCNY 16.50 | |
| 100 | @a20030324d2003 ekmy0chiy0121 ea | |
| 101 | 0 | @achi@aeng |
| 102 | @aCN@b310000 | |
| 105 | @ak zq 000yy | |
| 200 | 1 | @a大学英语听说教程:预备级:学生用书@Ada xue ying yu ting shuo jiao cheng:yu bei ji:xue sheng yong shu@dCollege English listening and speaking course@i学生用书@iteacher book@i预备级@f虞苏美, 李慧琴主编@zeng |
| 210 | @a上海@c上海外语教育出版社@d2003 | |
| 215 | @a215页@c表格@d23cm | |
| 225 | 2 | @a《大学英语》系列教材@e全新版@f李荫华总主编 |
| 300 | @a本书另配磁带4盒 | |
| 300 | @a普通高等教育“十五”国家规划教材 教育部推荐使用大学外语类教材 | |
| 320 | @a本书含附录 | |
| 410 | 0 | @12001 @a《大学英语》系列教材 |
| 510 | 1 | @aCollege English listening and speaking course@iStudent's book@zeng |
| 606 | 0 | @a英语@x视听教学@x高等学校@j教学参考资料 |
| 606 | 0 | @a视听教学 |
| 690 | @aH319.9@v4 | |
| 690 | @aH319.9-43@v3 | |
| 701 | 0 | @a虞苏美@Ayu su mei@4主编 |
| 701 | 0 | @a李慧琴@Ali hui qin@4主编 |
| 702 | 0 | @a李荫华@Ali yin hua@4总主编 |
| 801 | 0 | @aCN@bQSSK1@c20041130 |
| 905 | @a10447@dH319.9-43@eY823 | |
| 大学英语听说教程:预备级:学生用书=College English listening and speaking course.学生用书.teacher book.预备级/虞苏美, 李慧琴主编.-上海:上海外语教育出版社,2003 |
| 215页:表格;23cm.-(《大学英语》系列教材:全新版/李荫华总主编) |
| 本书另配磁带4盒.-普通高等教育“十五”国家规划教材 教育部推荐使用大学外语类教材 |
| ISBN 7-81080-918-0:CNY 16.50 |
| ● |
| 相关链接 |
|
|
|
正题名:大学英语听说教程:预备级:学生用书
索取号:H319.9-43/Y823
 
预约/预借
| 序号 | 登录号 | 条形码 | 馆藏地/架位号 | 状态 | 备注 |
| 1 | 428124 | 204281240 | 社科二线400B/400B社科库 7排2列1层/ [索取号:H319.9-43/Y823] | 在馆 | |
| 2 | 428125 | 204281259 | 社科二线400B/400B社科库 5排2列1层/ [索取号:H319.9-43/Y823] | 在馆 | |
| 3 | 428126 | 204281268 | 社科二线400B/400B社科库 7排1列4层/ [索取号:H319.9-43/Y823] | 在馆 |